00554 2200217 4500001002100000005001500021035002000036007000300056008004100059020002200100082001200122084001800134100001600152245003300168250001100201260004200212300004100254650002300295990000900318990000900327INLIS00000000001386520220727030340 a0010-0722001349ta220727 b 1 ind  a978-602-9473-40-7 a363.349 a363.349 ANE s0 aAnee Rahman1 aSiaga Tsunami /cAnee Rahman aCet. 1 aJakarta :bBee Media Indonesia,c2014 aii, 26 hlm :b.ilust ;c14,6 x 21 cm 4aPenanganan Bencana a4971 a4971